Normal view
MARC view
- Martel, Giffard Le Quesne
Entry Personal Name
001 - CONTROL NUMBER
- control field: 50385
003 - CONTROL NUMBER IDENTIFIER
- control field: NUST
005 - DATE AND TIME OF LATEST TRANSACTION
- control field: 20210314134621.0
008 - FIXED-LENGTH DATA ELEMENTS
- fixed length control field: 210314|| aca||aabn | a|a d
040 ## - CATALOGING SOURCE
- Original cataloging agency: NUST
- Transcribing agency: NUST
100 ## - HEADING--PERSONAL NAME
- Personal name: Martel, Giffard Le Quesne
670 ## - SOURCE DATA FOUND
- Source citation: Work cat.: (NUST): Martel, Giffard Le Quesne,, In the wake of the tank :, 1931.
